00229nam a2200097Ia 4500008004100000041000800041082000800049100001700057245003400074260002300108240109s2008 xx 000 0 und d aeng a620 aMahaJan S.N. aMetrology And Quality Control aPunebNiralic2008